Contemporary cultural anthropology

Αποθηκεύτηκε σε:
Λεπτομέρειες βιβλιογραφικής εγγραφής
Κύριος συγγραφέας: Howard, Michael C.
Μορφή: Βιβλίο
Γλώσσα:English
Δημοσίευση: New York : Harper Collins College , 1993
Έκδοση:4th ed.
Θέματα:
Ετικέτες: Προσθήκη ετικέτας
Δεν υπάρχουν, Καταχωρήστε ετικέτα πρώτοι!

MARC

LEADER 00000nam a2200000 i 4500
001 1/3685
008 960401s1993 eng d
020 |a 0-673-52255-5 
035 |l 10015304 
040 |a GR-MY-UA  |b gre  |e aacr 
041 0 |a eng 
082 0 |a 306 
100 1 |a Howard, Michael C. 
245 1 0 |a Contemporary cultural anthropology /  |c Michael C. Howard 
250 |a 4th ed. 
260 |a New York :   |b Harper Collins College ,   |c 1993 
300 |a xviii, 416 σ.;  |b εικ. (μερ. έγχρ.);  |c 23 εκ. 
504 |a Περιέχει βιβλιογραφικές παραπομπές (σ. 391-400) και ευρετήρια 
650 0 0 |a Ethnology. 
852 |a INST  |b LESVOS  |e 19960401  |h 306 HOW  |p 005100007026  |q 005100007026  |t BK  |y 0 
909 |a Λ  |b 044076